00357nam a2200097Ia 4500008004100000100001500041245010200056260007200158546001200230700001700242220512s9999 xx 000 0 eng d aMahathi, A 0a Competition,Strategic Delegation and Delay in Technology Adoption /cMahathi, A and Pal, Rupayan aMumbai :bIndira Gandhi Institute of Development Research,cAug-13 aEnglish aPal, Rupayan